| 000 | 00330nam a2200109Ia 4500 | ||
|---|---|---|---|
| 008 | 200302s9999 xx 000 0 und d | ||
| 100 | _aPaul Cattermole | ||
| 245 | _aBuilding for Tomorrow Visionary Architecture from Around the World With 235 Colour Illustration | ||
| 260 | _bThames and Hudson Ltd. | ||
| 260 | _c2013 | ||
| 300 | _a199 | ||
| 999 |
_c3361 _d3361 |
||